Statistiques concernant Villes de France disposant ou ayant disposé d'un réseau de trolleybus

Cliquez ici pour prendre le quiz!

Statistiques générales

  • Ce quiz a été pris 34 fois
    (23 depuis la dernière actualisation)
  • Le résultat moyen est 16 sur 23

Statistiques - réponses

DatesVille% Correct
1925-1935
1943-1966
Paris
96%
1936-Lyon
91%
1942-2004Marseille
87%
1947-1966Metz
87%
1982-1998
2000-2023
2025-
Nancy
87%
1942-1970Nice
87%
1939-1962Strasbourg
87%
1947-1970Brest
83%
1942-Saint-Etienne
83%
1940-1954Bordeaux
78%
1950-1966Dijon
74%
1933-1970Rouen
74%
1947-1999Grenoble
70%
1949-1973Toulon
70%
1946-1963Amiens
65%
1947-1970Le Havre
65%
1952-1968Perpignan
61%
1949-1968Tours
61%
1943-Limoges
57%
1947-1969Le Mans
52%
1946-1968Mulhouse
52%
1943-1965Poitiers
48%
1952-1972Belfort
26%

Distribution des résultats

Percentile par nombre de réponses

% des personnes avec chaque résultat

Votre développement - résultats

Vous n’avez pas pris ce quiz depuis la dernière actualisation